000 00523nam a22001817a 4500
005 20171106115833.0
010 _aENG-121261
020 _a9788190768009
_c70.00
035 _aEN-104793
037 _aDBAD/PUB
082 _a005.133
100 _aSundarraj, P.Daniel
245 _aJava programming /
_cby P.Daniel Sundarraj
260 _aVellore
_bAnbu nilayam
_c2008
270 _a11, Punniyakotti Nagar, Salavanpet
_bVellore
_e632001
300 _a119p.
_c22cm(pbk)
942 _2ddc
_cEN
_h005.133
_mSUN
999 _c147167
_d147167